Determinación experimental a escala de laboratorio de la fatiga para mezclas asfálticas en caliente usadas en Nicaragua
Presenta la determinación experimental a escala de laboratorio de la fatiga para mezclas asfálticas en caliente usadas en Nicaragua, se generó una ecuación de fatiga genérica para todas las mezclas asfálticas de Nicaragua y el análisis de las mezclas asfálticas respecto a su rigidez.
| Main Author: | |
|---|---|
| Other Authors: | |
| Format: | Tesis Section = Libro |
| Language: | Undetermined Spanish |
| Published: |
Managua
UNI
2013
|
| Subjects: |
| LEADER | 01094nam a2200241Ia 4500 | ||
|---|---|---|---|
| 008 | 240830s9999 xx 000 0 und d | ||
| 040 | |a BIBLIOTECA-RUPAP M.Mon 691 N322 | ||
| 041 | |a spa | ||
| 082 | |a M.Mon 691 N322 | ||
| 100 | 1 | |a Navarro Solís, Arlettee E. | |
| 245 | 1 | 0 | |a Determinación experimental a escala de laboratorio de la fatiga para mezclas asfálticas en caliente usadas en Nicaragua |
| 260 | |a Managua |b UNI |c 2013 | ||
| 300 | |a 65 p. :il. | ||
| 500 | |a Contiene: anexos. | ||
| 502 | |a Tesis (Máster en Vías Terrestres)- UNI, 2013. | ||
| 520 | 3 | |a Presenta la determinación experimental a escala de laboratorio de la fatiga para mezclas asfálticas en caliente usadas en Nicaragua, se generó una ecuación de fatiga genérica para todas las mezclas asfálticas de Nicaragua y el análisis de las mezclas asfálticas respecto a su rigidez. | |
| 650 | 7 | |a MEZCLAS ASFÁLTICAS | |
| 650 | 7 | |b CONSTRUCCIONES – PAVIMENTOS DE ASFALTO | |
| 650 | 7 | |c INGENIERÍA VIAL | |
| 700 | 1 | |a Tutor: |b Loria Salazar, Luis Guillermo | |
| 942 | |c BK |2 ddc | ||
| 991 | |a TESIS | ||
| 999 | |c 15253 | ||